| 000 | 01401nam0a2200361 4500 | ||
|---|---|---|---|
| 001 | RU\NLR\BIBL_A\012533635 | ||
| 005 | 20250624061455.0 | ||
| 010 |
_a978-5-907317-56-7 _91000 |
||
| 021 |
_aRU _b2021-3900 _9КН-П-297 |
||
| 035 | _a(RuMoRGB)010559759 | ||
| 035 | _a(NLR Aleph) 012533635 | ||
| 090 |
_a12375025 _c12375025 |
||
| 100 | _a20210601d2021 |||y0rusy50 ca | ||
| 101 | 0 | _arus | |
| 102 | _aRU | ||
| 105 | _ay z |000z | ||
| 181 | 0 |
_ai _baxxe |
|
| 182 | 0 | _an | |
| 200 | 1 |
_aКонспекты занятий по развитию фонетико-фонематической стороны речи у дошкольников _e[4-7 лет] _fИ. Н. Кайдан |
|
| 203 |
_aТекст _bвизуальный _cнепосредственный |
||
| 210 |
_aСанкт-Петербург _cДетство-Пресс _d2021 [т.е. 2020] |
||
| 215 |
_a141, [3] с. _d21 |
||
| 225 | 1 | _aРазработано в соответствии с ФГОС | |
| 225 | 1 | _aКабинет логопеда | |
| 320 | _aБиблиогр.: с. 139-140 | ||
| 606 | 1 |
_aДошкольники _xРазвитие фонематического слуха _91929446 _3RU\NLR\AUTH\66880849 |
|
| 686 | 1 | _aЧ432.191 | |
| 686 | 1 | _aЧ437.92 | |
| 700 | 1 |
_aКайдан _bИ. Н. _gИрина Николаевна |
|
| 942 | _cBOOK | ||
| 980 | _aNB | ||